000 00325nam a2200133Ia 4500
005 20260328104304.0
008 260328s9999||||xx |||||||||||||| ||und||
100 _aMaynard, John
245 0 _aCrítica de la economía clásica /
_cJohn Maynard
260 _bSarpe
300 _a240 p.
650 _aCOLECCION
942 _cBK
999 _c10691
_d10691